Statistics for Name the Plant

Click here to take the quiz!

General Stats

  • This quiz has been taken 6 times
  • The average score is 3 of 16

Answer Stats

Answer% Correct
Common Bluebell
67%
Cacao Tree
50%
Coconut Tree
33%
Monkey Puzzle Tree
33%
Acacia Tree
17%
Bristlecone Pine
17%
Elephant Grass
17%
Marram Grass
17%
Atlas Cedar
0%
Bubble Algae
0%
Bull Kelp
0%
Common Oak
0%
Moso Bamboo
0%
Round-leaf Sundew
0%
Titan Arum
0%
Venus Slipper
0%

Score Distribution

Percentile by Number Answered

Percent of People with Each Score

Your Score History

You have not taken this quiz